Capoluoghi di Provincia contenenti la lettera D - Statistics

Statistiche generali
  • Questo quiz è stato fatto 79 volte
  • Il punteggio medio è 6 su 9
Statistiche sulle risposte
Lunghezza in lettere Capoluogo % Corretto
5 Udine
86%
6 Padova
82%
6 Modena
76%
9 Pordenone
73%
4 Lodi
67%
7 Sondrio
65%
11 Alessandria
61%
8 Brindisi
59%
6 Andria
57%
Nessun quiz corrispondente trovato
Distribuzione punteggi
Percentuale di utenti per punteggio
Percentile per numero di risposta
I tuoi punteggi nel tempo
Non hai fatto questo quiz